Fisheries management : 2. The ecosystem approach to fisheries. 2.1 Best practices in ecosytem modelling for informing an ecosystem approach to fisheries.
Introduction, modelling, issue to be addressed by ecosystem modelling, model types and attributes, best practice in escosystem modelling.
Đã lưu trong:
| 企业作者: | |
|---|---|
| 格式: | 图书 |
| 语言: | Undetermined |
| 出版: |
Rome
Food and Agriculture Organization of the United Nations
2008
|
| 主题: | |
| 标签: |
添加标签
没有标签, 成为第一个标记此记录!
|
| Thư viện lưu trữ: | Trung tâm Học liệu Trường Đại học Cần Thơ |
|---|
| LEADER | 01023nam a2200205Ia 4500 | ||
|---|---|---|---|
| 001 | CTU_173018 | ||
| 008 | 210402s9999 xx 000 0 und d | ||
| 082 | |a 639.2 | ||
| 082 | |b F686/N.4 | ||
| 110 | |a Food and Agriculture Organization of the United Nations | ||
| 245 | 0 | |a Fisheries management : | |
| 245 | 0 | |b 2. The ecosystem approach to fisheries. 2.1 Best practices in ecosytem modelling for informing an ecosystem approach to fisheries. | |
| 245 | 0 | |c Food and Agriculture Organization of the United Nations | |
| 260 | |a Rome | ||
| 260 | |b Food and Agriculture Organization of the United Nations | ||
| 260 | |c 2008 | ||
| 520 | |a Introduction, modelling, issue to be addressed by ecosystem modelling, model types and attributes, best practice in escosystem modelling. | ||
| 650 | |a Fishery management,Ecosystem management,Fishery policy,Quản lý nghề cá,Chính sách thủy sản,Quản lý hệ thống sinh thái | ||
| 904 | |i Lan, Năm | ||
| 980 | |a Trung tâm Học liệu Trường Đại học Cần Thơ | ||